[Event "Mecklenburg VP LL2 West 1617"]
[Site "Mecklenburg VP"]
[Date "2016.11.20"]
[Round "3.5"]
[White "Oelke, Bernd"]
[Black "Post, Ingo"]
[Result "1-0"]
[WhiteElo "1721"]
[BlackElo "1530"]
[PlyCount "75"]
[EventDate "2016.10.16"]
[EventType "team-tourn"]
[EventRounds "9"]
[EventCountry "GER"]
[SourceTitle "EXT 2022"]
[Source "ChessBase"]
[SourceDate "2021.10.06"]
[SourceVersion "1"]
[SourceVersionDate "2021.10.06"]
[SourceQuality "1"]
[WhiteTeam "Putlitz Pritzwalk"]
[BlackTeam "Neukloster VfL Blau Weiss"]
[WhiteTeamCountry "GER"]
[BlackTeamCountry "GER"]

1. d4 g6 2. c4 Bg7 3. Nc3 d6 4. e4 Nf6 5. f3 0-0 6. Be3 a6 7. Qd2 Bd7 8. Bd3 c6 9. Nge2 b5 10. 0-0 b4 11. Nd1 a5 12. Bh6 Qb6 13. Bxg7 Kxg7 14. Kh1 e5 15. Bc2 h6 16. Qe3 Nh7 17. dxe5 Qxe3 18. Nxe3 dxe5 19. g4 Be6 20. Rfd1 Nf6 21. Kg2 c5 22. Ba4 Bd7 23. Bxd7 Nbxd7 24. Rd6 Rfd8 25. Rad1 Kf8 26. h4 Ke7 27. Kg3 Nf8 28. Rxd8 Rxd8 29. Nd5+ Nxd5 30. exd5 Kd6 31. Kf2 Nd7 32. Ng3 Nf6 33. g5 hxg5 34. hxg5 Nd7 35. Ne4+ Kc7 36. Rh1 Rf8 37. Ke3 a4 38. Rh7 1-0

[Event "Mecklenburg VP LL2 West 1617"]
[Site "Mecklenburg VP"]
[Date "2016.10.16"]
[Round "1.5"]
[White "Konrad, Andreas"]
[Black "Post, Ingo"]
[Result "1/2-1/2"]
[WhiteElo "1692"]
[BlackElo "1530"]
[PlyCount "31"]
[EventDate "2016.10.16"]
[EventType "team-tourn"]
[EventRounds "9"]
[EventCountry "GER"]
[SourceTitle "EXT 2022"]
[Source "ChessBase"]
[SourceDate "2021.10.06"]
[SourceVersion "1"]
[SourceVersionDate "2021.10.06"]
[SourceQuality "1"]
[WhiteTeam "Mecklenburger Springer SC"]
[BlackTeam "Neukloster VfL Blau Weiss"]
[WhiteTeamCountry "GER"]
[BlackTeamCountry "GER"]

1. e4 d6 2. d4 g6 3. Nc3 Bg7 4. Be3 Nf6 5. f3 0-0 6. Qd2 b6 7. Bc4 Ba6 8. Bxa6 Nxa6 9. Nge2 c5 10. a3 Nc7 11. Bh6 e6 12. 0-0 Qe7 13. Rad1 Rfd8 14. Nb5 Bxh6 15. Qxh6 Nfe8 16. f4 1/2-1/2

[Event "Mecklenburg VP LL2 West 1415"]
[Site "Mecklenburg VP"]
[Date "2015.04.26"]
[Round "9.3"]
[White "Post, Ingo"]
[Black "Konrad, Andreas"]
[Result "0-1"]
[WhiteElo "1545"]
[BlackElo "1734"]
[PlyCount "52"]
[EventDate "2014.09.21"]
[EventType "team-tourn"]
[EventRounds "9"]
[EventCountry "GER"]
[SourceTitle "EXT 2022"]
[Source "ChessBase"]
[SourceDate "2021.10.06"]
[SourceVersion "1"]
[SourceVersionDate "2021.10.06"]
[SourceQuality "1"]
[WhiteTeam "Neukloster VfL Blau Weiss"]
[BlackTeam "Mecklenburger Springer SC"]
[WhiteTeamCountry "GER"]
[BlackTeamCountry "GER"]

1. d4 Nf6 2. c4 g6 3. Nc3 Bg7 4. Nf3 d6 5. e3 0-0 6. Bd3 Re8 7. 0-0 e5 8. dxe5 dxe5 9. Qc2 b6 10. Rd1 Qe7 11. e4 Nc6 12. a3 Bg4 13. Bg5 Bxf3 14. Nd5 Qd8 15. Bxf6 Bxf6 16. gxf3 Nd4 17. Qc3 Nxf3+ 18. Kh1 Bg7 19. Bf1 Nd4 20. Rd3 c6 21. Nb4 Qf6 22. f3 Bh6 23. b3 Bf4 24. Ra2 a5 25. Nc2 Ne2 26. Qe1 Nc1 0-1

[Event "MVP-ch Seniors op 14th"]
[Site "Binz"]
[Date "2014.12.02"]
[Round "8"]
[White "Wulf, Adalbert"]
[Black "Post, Ingo"]
[Result "1-0"]
[WhiteElo "1778"]
[BlackElo "1545"]
[PlyCount "87"]
[EventDate "2014.11.25"]
[EventType "swiss"]
[EventRounds "9"]
[EventCountry "GER"]
[SourceTitle "EXT 2016"]
[Source "ChessBase"]
[SourceDate "2015.10.08"]
[SourceVersion "1"]
[SourceVersionDate "2015.10.08"]
[SourceQuality "1"]

1. e4 g6 2. d4 Bg7 3. Nc3 d6 4. Nf3 Nf6 5. Be2 Bg4 6. h3 Bxf3 7. Bxf3 Qc8 8. Be3 0-0 9. Qe2 Nc6 10. 0-0-0 a6 11. Qd2 e5 12. d5 Na5 13. Qd3 b5 14. g4 Nc4 15. g5 Nxe3 16. Qxe3 Ne8 17. Bg4 f5 18. gxf6 Qd8 19. Be6+ Kh8 20. fxg7+ Nxg7 21. Bg4 b4 22. Na4 Qe8 23. b3 Rf4 24. Rd2 Qf8 25. Nb2 a5 26. Nd3 Rf6 27. Kb2 Qe8 28. Be2 c5 29. dxc6 Qxc6 30. Rhd1 Qc3+ 31. Kb1 Raf8 32. Nc1 Qc8 33. Bg4 h5 34. Qh6+ Kg8 35. Be2 Kf7 36. Bc4+ Ke8 37. Qe3 Rf3 38. Qg5 R3f6 39. Nd3 a4 40. Bb5+ Ke7 41. Nxe5 dxe5 42. Rd7+ Qxd7 43. Rxd7+ Ke6 44. Rxg7 1-0

[Event "Mecklenburg VP LL2 West 1415"]
[Site "Mecklenburg VP"]
[Date "2014.11.09"]
[Round "2.3"]
[White "Schubert, Erik"]
[Black "Post, Ingo"]
[Result "1-0"]
[WhiteElo "1737"]
[BlackElo "1545"]
[PlyCount "75"]
[EventDate "2014.09.21"]
[EventType "team-tourn"]
[EventRounds "9"]
[EventCountry "GER"]
[SourceTitle "EXT 2022"]
[Source "ChessBase"]
[SourceDate "2021.10.06"]
[SourceVersion "1"]
[SourceVersionDate "2021.10.06"]
[SourceQuality "1"]
[WhiteTeam "Wismar ASV Gruen-Weiss II"]
[BlackTeam "Neukloster VfL Blau Weiss"]
[WhiteTeamCountry "GER"]
[BlackTeamCountry "GER"]

1. d4 g6 2. e4 Bg7 3. Nf3 d6 4. c4 Nf6 5. Nc3 0-0 6. Be2 Bg4 7. 0-0 Nbd7 8. h3 Bxf3 9. Bxf3 Rb8 10. Re1 a6 11. b4 c5 12. bxc5 dxc5 13. Bf4 Ra8 14. e5 Ne8 15. Bxb7 Ra7 16. Rb1 e6 17. dxc5 Qc7 18. c6 Nxe5 19. Qe2 f6 20. Be3 Rxb7 21. cxb7 Nd6 22. c5 Nxb7 23. Qxa6 Nxc5 24. Bxc5 Qxc5 25. Qxe6+ Kh8 26. Ne4 Qa5 27. Rec1 Qa8 28. Nd6 h6 29. Rc8 Rxc8 30. Qxc8+ Qxc8 31. Nxc8 f5 32. a4 Nc4 33. Nb6 Nd2 34. Rb5 Bd4 35. a5 Ne4 36. a6 Nxf2 37. a7 Nxh3+ 38. Kh2 1-0

[Event "MVP-ch Seniors op 13th"]
[Site "Binz"]
[Date "2013.12.02"]
[Round "6"]
[White "Ludwig, Richard"]
[Black "Post, Ingo"]
[Result "1/2-1/2"]
[WhiteElo "1378"]
[BlackElo "1540"]
[PlyCount "51"]
[EventDate "2013.11.27"]
[EventType "swiss"]
[EventRounds "9"]
[EventCountry "GER"]
[SourceTitle "EXT 2015"]
[Source "ChessBase"]
[SourceDate "2014.11.20"]
[SourceVersion "1"]
[SourceVersionDate "2014.11.20"]
[SourceQuality "1"]

1. e4 g6 2. d4 Bg7 3. Nf3 d6 4. Be3 Nf6 5. Nc3 0-0 6. h3 b6 7. Bd3 Ba6 8. Bxa6 Nxa6 9. a3 c5 10. dxc5 Nxc5 11. Bxc5 dxc5 12. 0-0 Nh5 13. Qe1 Qc7 14. Nd5 Qb7 15. Rb1 e6 16. Nc3 Bxc3 17. bxc3 Rad8 18. Qe3 Qc7 19. Rfe1 Qf4 20. Qe2 Rd7 21. Rbd1 Rfd8 22. Rxd7 Rxd7 23. g3 Qd6 24. e5 Qc6 25. Qe3 Ng7 26. a4 1/2-1/2

[Event "MVP-ch Seniors op 13th"]
[Site "Binz"]
[Date "2013.11.28"]
[Round "2"]
[White "Kotlar, Alfred"]
[Black "Post, Ingo"]
[Result "1-0"]
[WhiteElo "1863"]
[BlackElo "1540"]
[PlyCount "74"]
[EventDate "2013.11.27"]
[EventType "swiss"]
[EventRounds "9"]
[EventCountry "GER"]
[SourceTitle "EXT 2015"]
[Source "ChessBase"]
[SourceDate "2014.11.20"]
[SourceVersion "1"]
[SourceVersionDate "2014.11.20"]
[SourceQuality "1"]

1. d4 g6 2. Nf3 Bg7 3. Bf4 Nf6 4. Qc1 d6 5. c3 c5 6. e3 b6 7. Be2 Bb7 8. 0-0 Nh5 9. Bg5 Nd7 10. Rd1 0-0 11. Nbd2 f6 12. Bh4 Bh6 13. Qc2 Qe8 14. a4 g5 15. Bg3 Nxg3 16. hxg3 Qg6 17. Bd3 Qf7 18. a5 d5 19. Bb5 e6 20. Re1 Rfd8 21. e4 Qg6 22. Qa4 Nf8 23. a6 Bc8 24. exd5 Rxd5 25. Bc6 Bd7 26. Bxd7 Rxd7 27. dxc5 bxc5 28. Qc6 Qe8 29. Ne4 Kg7 30. Nxc5 Rc8 31. Qb5 Re7 32. Qxe8 Rexe8 33. b4 g4 34. Nd4 Bd2 35. Nb5 Bxe1 36. Rxe1 Re7 37. Rd1 Rc6 1-0

[Event "MVP-ch Seniors op 11th"]
[Site "Binz"]
[Date "2011.12.07"]
[Round "8.53"]
[White "Post, Ingo"]
[Black "Neumann, Erwin"]
[Result "0-1"]
[WhiteElo "1567"]
[BlackElo "1764"]
[PlyCount "119"]
[EventDate "2011.11.30"]
[EventType "swiss"]
[EventRounds "9"]
[EventCountry "GER"]
[SourceTitle "EXT 2013"]
[Source "ChessBase"]
[SourceDate "2012.11.22"]
[SourceVersion "1"]
[SourceVersionDate "2012.11.22"]
[SourceQuality "1"]

1. d4 Nf6 2. c4 e6 3. Bg5 Be7 4. Nc3 b6 5. e3 Bb7 6. Nf3 d6 7. Bd3 Nbd7 8. 0-0 h6 9. Bh4 g5 10. Bg3 Nh5 11. e4 Nxg3 12. hxg3 g4 13. Nh2 h5 14. f4 c5 15. d5 Bf6 16. Nb5 Nf8 17. Re1 e5 18. f5 a6 19. Nc3 Nd7 20. Nf1 Ke7 21. Ne3 Qg8 22. Kf2 Qg5 23. Rh1 Rag8 24. Ke2 Qg7 25. Kd2 Bg5 26. Qe2 h4 27. gxh4 Bxh4 28. Raf1 Bg5 29. Kc2 Bxe3 30. Qxe3 g3 31. Ne2 Rh2 32. Rhg1 Nf6 33. Qf3 Nh5 34. Kc3 Qg5 35. a3 Rh4 36. Rh1 Nf4 37. Rxh4 Nxe2+ 38. Bxe2 Qxh4 39. b4 f6 40. bxc5 bxc5 41. Rb1 Bc8 42. Kd3 Qh6 43. a4 Qf8 44. Rh1 Qg7 45. Kc2 Kd8 46. Qb3 Qc7 47. Rh6 Qe7 48. Qb6+ Ke8 49. Bh5+ Kf8 50. Bg6 Qd7 51. Rh7 Qxa4+ 52. Qb3 Qxb3+ 53. Kxb3 Rg7 54. Rh8+ Rg8 55. Rh6 Bd7 56. Rh3 Rxg6 57. Rh8+ Rg8 58. Rh6 Ke7 59. Rh7+ Ke8 60. Kc3 0-1

[Event "MVP-ch Seniors op 11th"]
[Site "Binz"]
[Date "2011.12.01"]
[Round "2.78"]
[White "Post, Ingo"]
[Black "Apel, Walter"]
[Result "1-0"]
[WhiteElo "1567"]
[BlackElo "1234"]
[PlyCount "97"]
[EventDate "2011.11.30"]
[EventType "swiss"]
[EventRounds "9"]
[EventCountry "GER"]
[SourceTitle "EXT 2013"]
[Source "ChessBase"]
[SourceDate "2012.11.22"]
[SourceVersion "1"]
[SourceVersionDate "2012.11.22"]
[SourceQuality "1"]

1. d4 d5 2. c4 dxc4 3. Nc3 Nf6 4. Bf4 a6 5. a4 Nd5 6. Bg3 Nxc3 7. bxc3 b6 8. e4 Bb7 9. f3 e6 10. Bxc4 Be7 11. Ne2 0-0 12. 0-0 Qd7 13. Qc2 g6 14. Bf4 Kg7 15. Qd2 Rh8 16. Bh6+ Kg8 17. Qf4 Bf8 18. Bxf8 Kxf8 19. Qf6 Rg8 20. Nf4 Ke8 21. d5 Qe7 22. Qxe7+ Kxe7 23. dxe6 f6 24. Nd5+ Bxd5 25. exd5 a5 26. Rad1 Rd8 27. Bb5 Rd6 28. Rfe1 Na6 29. Kf2 Nc5 30. g4 g5 31. Kg3 Rh8 32. c4 h6 33. h4 Rh7 34. hxg5 hxg5 35. Rh1 Rg7 36. Rh8 Rd8 37. Rdh1 Rf8 38. R1h6 Rfg8 39. R8h7 Nb7 40. f4 gxf4+ 41. Kxf4 Kd6 42. Rxg7 Rxg7 43. Rxf6 Ke7 44. Rh6 Nd6 45. Rh8 Nxb5 46. axb5 Kd6 47. Kf5 Kc5 48. g5 c6 49. Kf6 1-0

[Event "Mecklenburg VP-ch Seniors op 07th"]
[Site "Plau am See"]
[Date "2007.10.05"]
[Round "2"]
[White "Mentel, Juergen"]
[Black "Post, Ingo"]
[Result "1-0"]
[WhiteElo "1923"]
[BlackElo "1653"]
[PlyCount "59"]
[EventDate "2007.10.04"]
[EventType "swiss"]
[EventRounds "9"]
[EventCountry "GER"]
[SourceTitle "EXT 2022"]
[Source "ChessBase"]
[SourceDate "2021.10.06"]
[SourceVersion "1"]
[SourceVersionDate "2021.10.06"]
[SourceQuality "1"]

1. e4 c5 2. Nf3 Nc6 3. Bc4 e6 4. 0-0 a6 5. Re1 b5 6. Bf1 Bb7 7. c3 Qc7 8. d4 Rd8 9. Bg5 f6 10. Bh4 cxd4 11. cxd4 d5 12. exd5 Rxd5 13. Nc3 Rd7 14. Rxe6+ Kf7 15. Qb3 Nxd4 16. Nxd4 Kg6 17. Bd3+ Kh5 18. Bg3 Qc5 19. Qd1+ Kh6 20. Nf5+ Qxf5 21. Bxf5 Rxd1+ 22. Rxd1 Ne7 23. Be4 Bc8 24. Red6 Ng6 25. Rd8 Bg4 26. f3 Be6 27. Bf2 Be7 28. Rxh8 Nxh8 29. Nd5 Bd8 30. Nf4 1-0

[Event "Mecklenburg VP Seniors op 11th"]
[Site "Plau am See"]
[Date "2007.??.??"]
[Round "3"]
[White "Ebel, Karl Heinz"]
[Black "Post, Ingo"]
[Result "0-1"]
[WhiteElo "1494"]
[BlackElo "1592"]
[PlyCount "154"]
[EventDate "2007.03.19"]
[EventType "swiss"]
[EventRounds "7"]
[EventCountry "GER"]
[SourceTitle "EXT 2008"]
[Source "ChessBase"]
[SourceDate "2007.11.25"]
[SourceVersion "1"]
[SourceVersionDate "2007.11.25"]
[SourceQuality "1"]

1. c4 Nf6 2. Nc3 d6 3. g3 g6 4. Bg2 Bg7 5. Nf3 e5 6. d3 0-0 7. 0-0 Nc6 8. a3 Be6 9. Ng5 Bd7 10. Nge4 Nxe4 11. Nxe4 f5 12. Nc3 Be6 13. f4 Rb8 14. Rb1 Qd7 15. Nd5 Ne7 16. Nxe7+ Qxe7 17. e3 e4 18. b3 d5 19. cxd5 Bxd5 20. d4 Rf6 21. Re1 c5 22. Bb2 Rc6 23. dxc5 Rd8 24. Bd4 Bxd4 25. exd4 Qf6 26. b4 Bc4 27. Qc1 Qxd4+ 28. Qe3 Qxe3+ 29. Rxe3 b6 30. cxb6 axb6 31. Bf1 Bxf1 32. Rxf1 b5 33. Rb1 Kf7 34. Kf2 Kf6 35. h4 h6 36. Rb2 h5 37. Ree2 Rc1 38. Re1 Rc3 39. Re3 Rdd3 40. Rxd3 Rxd3 41. Ra2 Ke6 42. a4 bxa4 43. Rxa4 Rf3+ 44. Kg2 Rd3 45. b5 Rd6 46. Rc4 Kd7 47. Rc5 Rb6 48. Kf2 Kd6 49. Re5 Rb8 50. Ke3 Kc7 51. Re6 Rb6 52. Re5 Rd6 53. Re7+ Kb6 54. Re5 Ka5 55. Rc5 Rb6 56. Rc3 Kxb5 57. Rc1 Rd6 58. Rb1+ Kc4 59. Rc1+ Kb3 60. Rc5 Kb4 61. Rc1 Rd3+ 62. Kf2 Rf3+ 63. Kg2 Rc3 64. Rb1+ Kc5 65. Kf2 Rc2+ 66. Ke3 Rc3+ 67. Kf2 Kd4 68. Rb2 Kd3 69. Re2 Rc2 70. Rxc2 Kxc2 71. Ke3 Kc1 72. Ke2 Kc2 73. Ke3 Kc3 74. Ke2 Kd4 75. Ke1 e3 76. Kd1 Kd3 77. Ke1 e2 0-1

[Event "Mecklenburg VP-ch Seniors op 06th"]
[Site "Plau am See"]
[Date "2006.10.06"]
[Round "3"]
[White "Post, Ingo"]
[Black "Garbe, Eckhard"]
[Result "1-0"]
[WhiteElo "1592"]
[BlackElo "1370"]
[PlyCount "81"]
[EventDate "2006.10.04"]
[EventType "swiss"]
[EventRounds "9"]
[EventCountry "GER"]
[SourceTitle "EXT 2022"]
[Source "ChessBase"]
[SourceDate "2021.10.06"]
[SourceVersion "1"]
[SourceVersionDate "2021.10.06"]
[SourceQuality "1"]

1. d4 Nf6 2. c4 d6 3. Nc3 g6 4. e4 Bg7 5. f4 0-0 6. Nf3 Bg4 7. Be2 e6 8. h3 Bxf3 9. Bxf3 Nbd7 10. 0-0 Rb8 11. e5 Ne8 12. Be3 a6 13. Qe2 Kh8 14. Rad1 Qc8 15. g4 f6 16. exf6 Nexf6 17. g5 Ng8 18. Bg4 Qe8 19. h4 Qe7 20. Kg2 Rbe8 21. h5 h6 22. Rh1 Ndf6 23. gxf6 Nxf6 24. hxg6 Ng8 25. Kg3 e5 26. dxe5 dxe5 27. f5 e4 28. Bf4 Nf6 29. Bxh6 Bxh6 30. Rxh6+ Kg7 31. Rdh1 Qe5+ 32. Kg2 Qf4 33. Rh7+ Nxh7 34. Rxh7+ Kg8 35. Nd5 Qd6 36. f6 Rxf6 37. Nxf6+ Qxf6 38. Bh5 Qg5+ 39. Qg4 Qd2+ 40. Kh3 e3 41. Qf5 1-0

[Event "Mecklenburg VP-ch Seniors op 06th"]
[Site "Plau am See"]
[Date "2006.10.04"]
[Round "1"]
[White "Post, Ingo"]
[Black "Romanow, Werner"]
[Result "1/2-1/2"]
[WhiteElo "1592"]
[BlackElo "1977"]
[PlyCount "93"]
[EventDate "2006.10.04"]
[EventType "swiss"]
[EventRounds "9"]
[EventCountry "GER"]
[SourceTitle "EXT 2022"]
[Source "ChessBase"]
[SourceDate "2021.10.06"]
[SourceVersion "1"]
[SourceVersionDate "2021.10.06"]
[SourceQuality "1"]

1. d4 d5 2. c4 c6 3. cxd5 cxd5 4. Nc3 Nc6 5. Nf3 Nf6 6. Bg5 e6 7. e3 Be7 8. Bd3 0-0 9. h3 h6 10. Bh4 a6 11. 0-0 b5 12. a3 Bb7 13. Rc1 Rc8 14. Bb1 Na5 15. Qd3 Ne4 16. Bxe7 Qxe7 17. Ne5 Nc4 18. Nxe4 dxe4 19. Qe2 Nxe5 20. dxe5 Qg5 21. Rc2 Rxc2 22. Bxc2 Qxe5 23. Bb1 Rc8 24. Rd1 Bd5 25. Qd2 g6 26. Rc1 Rc7 27. g3 g5 28. Rxc7 Qxc7 29. Qc3 Qxc3 30. bxc3 Kf8 31. Kf1 Ke7 32. Ke2 Kd6 33. Kd2 h5 34. h4 gxh4 35. gxh4 f5 36. Bc2 e5 37. a4 Kc5 38. axb5 axb5 39. Bd1 Bf7 40. f4 exf3 41. Bxf3 e4 42. Be2 Be8 43. Ke1 Kd5 44. Kf2 Ke5 45. Kg3 Ke6 46. Kf4 Kf6 47. Bd1 1/2-1/2

[Event "Niedersachsen-ch Seniors op 09th"]
[Site "Bad Bevensen"]
[Date "2006.06.27"]
[Round "4"]
[White "Post, Ingo"]
[Black "Scholze, Roland"]
[Result "1/2-1/2"]
[WhiteElo "1622"]
[BlackElo "1784"]
[PlyCount "36"]
[EventDate "2006.06.24"]
[EventType "swiss"]
[EventRounds "9"]
[EventCountry "GER"]
[SourceTitle "EXT 2022"]
[Source "ChessBase"]
[SourceDate "2021.10.06"]
[SourceVersion "1"]
[SourceVersionDate "2021.10.06"]
[SourceQuality "1"]

1. d4 e6 2. c4 d5 3. Nc3 Nf6 4. Bg5 Nbd7 5. Nf3 c6 6. e3 Qa5 7. Nd2 Bb4 8. Qc2 0-0 9. a3 Bxc3 10. Qxc3 Qxc3 11. bxc3 Re8 12. cxd5 exd5 13. c4 b6 14. Bd3 Bb7 15. 0-0 c5 16. Bxf6 Nxf6 17. dxc5 dxc4 18. Bxc4 bxc5 1/2-1/2

[Event "Niedersachsen-ch Seniors op 09th"]
[Site "Bad Bevensen"]
[Date "2006.06.26"]
[Round "3"]
[White "Spindler, Egbert"]
[Black "Post, Ingo"]
[Result "1/2-1/2"]
[WhiteElo "1712"]
[BlackElo "1622"]
[PlyCount "30"]
[EventDate "2006.06.24"]
[EventType "swiss"]
[EventRounds "9"]
[EventCountry "GER"]
[SourceTitle "EXT 2022"]
[Source "ChessBase"]
[SourceDate "2021.10.06"]
[SourceVersion "1"]
[SourceVersionDate "2021.10.06"]
[SourceQuality "1"]

1. d4 g6 2. Nf3 Bg7 3. Bf4 d6 4. e3 Nf6 5. Be2 0-0 6. Nbd2 Nh5 7. Bg3 Nxg3 8. hxg3 e5 9. c3 exd4 10. cxd4 c5 11. Nb3 Nc6 12. 0-0 b6 13. Rb1 Bf5 14. Rc1 Nb4 15. a3 Nc6 1/2-1/2

[Event "Mecklenburg VP LL2 West 0304"]
[Site "Mecklenburg VP"]
[Date "2003.11.23"]
[Round "3.3"]
[White "Grabow, Gerhard"]
[Black "Post, Ingo"]
[Result "1/2-1/2"]
[WhiteElo "1578"]
[BlackElo "1614"]
[PlyCount "91"]
[EventDate "2003.09.28"]
[EventType "team-tourn"]
[EventRounds "9"]
[EventCountry "GER"]
[SourceTitle "EXT 2022"]
[Source "ChessBase"]
[SourceDate "2021.10.06"]
[SourceVersion "1"]
[SourceVersionDate "2021.10.06"]
[SourceQuality "1"]
[WhiteTeam "Kuehlungsborn SV Empor"]
[BlackTeam "Neukloster VfL Blau Weiss"]
[WhiteTeamCountry "GER"]
[BlackTeamCountry "GER"]

1. d4 g6 2. c4 Bg7 3. Nc3 d6 4. h3 Nf6 5. Nf3 0-0 6. e4 e5 7. d5 c6 8. Be2 cxd5 9. cxd5 Nbd7 10. Bg5 a6 11. 0-0 h6 12. Be3 Re8 13. Qc1 Kh7 14. Nh2 Nc5 15. Qc2 b5 16. b4 Ncd7 17. Rac1 Bb7 18. Qd2 Rc8 19. Ng4 h5 20. Nh2 Nb6 21. Qd1 Nc4 22. Bg5 Bh6 23. Bxh6 Kxh6 24. Qd3 Re7 25. Qf3 Kg7 26. Qg3 Nd2 27. Rfd1 Ndxe4 28. Qe3 Rxc3 29. Rxc3 Nxc3 30. Qxc3 Bxd5 31. g4 Qb6 32. gxh5 Ne4 33. Qf3 Bb7 34. h6+ Kh7 35. Ng4 f5 36. Ne3 Nc3 37. Nd5 Nxd5 38. Rxd5 Bxd5 39. Qxd5 Qb7 40. Qxd6 Kxh6 41. Qf6 e4 42. h4 Rf7 43. Qg5+ Kg7 44. h5 Qc6 45. h6+ Kh7 46. Bd1 1/2-1/2

[Event "Mecklenburg VP LL2 West 0102"]
[Site "Mecklenburg VP"]
[Date "2002.04.28"]
[Round "9.1"]
[White "Post, Ingo"]
[Black "Boecking, Uwe"]
[Result "1/2-1/2"]
[WhiteElo "1585"]
[BlackElo "1678"]
[PlyCount "34"]
[EventDate "2001.10.07"]
[EventType "team-tourn"]
[EventRounds "9"]
[EventCountry "GER"]
[SourceTitle "EXT 2022"]
[Source "ChessBase"]
[SourceDate "2021.10.06"]
[SourceVersion "1"]
[SourceVersionDate "2021.10.06"]
[SourceQuality "1"]
[WhiteTeam "Neukloster VfL Blau Weiss IV"]
[BlackTeam "Warnemuende SF Ostsee"]
[WhiteTeamCountry "GER"]
[BlackTeamCountry "GER"]

1. d4 Nf6 2. c4 e6 3. Nc3 Bb4 4. Bg5 0-0 5. Nf3 b6 6. a3 Bxc3+ 7. bxc3 d6 8. e3 Nbd7 9. Bd3 Bb7 10. 0-0 h6 11. Bh4 g5 12. Bg3 Ne4 13. Nd2 Nxg3 14. fxg3 f5 15. Qh5 Kg7 16. Qe2 Nf6 17. e4 fxe4 1/2-1/2

[Event "Mecklenburg VP LL2 West 0102"]
[Site "Mecklenburg VP"]
[Date "2002.04.14"]
[Round "8.1"]
[White "Post, Ingo"]
[Black "Thiel, Bernd Peter"]
[Result "0-1"]
[WhiteElo "1585"]
[BlackElo "1831"]
[PlyCount "72"]
[EventDate "2001.10.07"]
[EventType "team-tourn"]
[EventRounds "9"]
[EventCountry "GER"]
[SourceTitle "EXT 2022"]
[Source "ChessBase"]
[SourceDate "2021.10.06"]
[SourceVersion "1"]
[SourceVersionDate "2021.10.06"]
[SourceQuality "1"]
[WhiteTeam "Neukloster VfL Blau Weiss IV"]
[BlackTeam "Schwerin SV Einheit II"]
[WhiteTeamCountry "GER"]
[BlackTeamCountry "GER"]

1. d4 f5 2. c4 g6 3. Nc3 Bg7 4. Nf3 Nf6 5. e3 d6 6. Bd3 0-0 7. 0-0 c6 8. Re1 Qc7 9. h3 e5 10. dxe5 dxe5 11. e4 f4 12. b4 h6 13. Bb2 Be6 14. Ne2 Nh5 15. Nh4 Kh7 16. Kh2 Qe7 17. Nf3 Nd7 18. Neg1 Qxb4 19. Rb1 Qe7 20. Bc3 b6 21. Qa4 c5 22. Qd1 Qf7 23. Qe2 g5 24. g4 fxg3+ 25. fxg3 Bxh3 26. Nxg5+ hxg5 27. Nxh3 Qg6 28. Qg4 Ndf6 29. Nxg5+ Kh8 30. Qh4 Bh6 31. Bd2 Nh7 32. Nxh7 Rf2+ 33. Kg1 Rxd2 34. g4 Rxd3 35. Qxh5 Qxh5 36. gxh5 Kxh7 0-1